[Event "Mittelfranken-chTB1 1819"]
[Site "Mittelfranken"]
[Date "2019.03.03"]
[Round "6.1"]
[White "Bayer, Marius"]
[Black "Kocak, Ediz"]
[Result "1/2-1/2"]
[WhiteElo "1935"]
[BlackElo "2044"]
[PlyCount "84"]
[EventDate "2018.10.14"]
[EventType "team-tourn"]
[EventRounds "9"]
[EventCountry "GER"]
[SourceTitle "EXT 2022"]
[Source "ChessBase"]
[SourceDate "2021.10.06"]
[SourceVersion "1"]
[SourceVersionDate "2021.10.06"]
[SourceQuality "1"]
[WhiteTeam "Lauf SV"]
[BlackTeam "Fuerth SG"]
[WhiteTeamCountry "GER"]
[BlackTeamCountry "GER"]

1. d4 Nf6 2. c4 e6 3. Nf3 d5 4. g3 Be7 5. Bg2 0-0 6. 0-0 dxc4 7. Qc2 a6 8. a4 Bd7 9. Ne5 Bc6 10. Nxc6 Nxc6 11. e3 Na5 12. Nd2 c5 13. Nxc4 cxd4 14. Nxa5 Qxa5 15. exd4 Nd5 16. Qb3 Qb4 17. Qxb4 Bxb4 18. Bxd5 exd5 19. Be3 Rfc8 20. Rfc1 Kf8 21. Kf1 Ke7 22. Ke2 h5 23. h3 Kd7 24. Kd3 Re8 25. Bf4 Rac8 26. Rxc8 Rxc8 27. Rc1 Rxc1 28. Bxc1 Ke6 29. f3 Bd6 30. g4 hxg4 31. hxg4 Kf6 32. Bd2 Kg6 33. Ke2 Be7 34. Kf2 f5 35. Kg3 Bg5 36. Bxg5 Kxg5 37. f4+ Kf6 38. g5+ Kg6 39. Kh4 Kf7 40. Kh5 a5 41. b3 b6 42. Kh4 g6 1/2-1/2

[Event "Mittelfranken-chTB1 1819"]
[Site "Mittelfranken"]
[Date "2019.01.27"]
[Round "4.1"]
[White "Sarec, Ivica"]
[Black "Kocak, Ediz"]
[Result "1-0"]
[WhiteElo "2041"]
[BlackElo "2044"]
[PlyCount "67"]
[EventDate "2018.10.14"]
[EventType "team-tourn"]
[EventRounds "9"]
[EventCountry "GER"]
[SourceTitle "EXT 2022"]
[Source "ChessBase"]
[SourceDate "2021.10.06"]
[SourceVersion "1"]
[SourceVersionDate "2021.10.06"]
[SourceQuality "1"]
[WhiteTeam "Herzogenaurach II"]
[BlackTeam "Fuerth SG"]
[WhiteTeamCountry "GER"]
[BlackTeamCountry "GER"]

1. c4 Nf6 2. g3 e6 3. Nf3 d5 4. Bg2 Be7 5. 0-0 0-0 6. d4 dxc4 7. Na3 c5 8. Nxc4 Nc6 9. dxc5 Bxc5 10. a3 a5 11. Qc2 Qe7 12. Nce5 Nxe5 13. Nxe5 Nd7 14. Nd3 Bd6 15. Be3 e5 16. Rac1 f5 17. Bd2 e4 18. Nf4 Nf6 19. Rfd1 Kh8 20. Bc3 Bxf4 21. gxf4 Be6 22. Be5 Rfc8 23. Qa4 Ng4 24. Bd4 Qh4 25. h3 Nf6 26. e3 Bf7 27. Qb5 Qh5 28. Be5 Rc2 29. Qxb7 Bd5 30. Qb6 Rac8 31. Bc3 Qe2 32. Rf1 Rc6 33. Qxa5 Bc4 34. Qa8+ 1-0

[Event "Mittelfranken-chTB1 1819"]
[Site "Mittelfranken"]
[Date "2018.11.04"]
[Round "2.1"]
[White "Martin Fernandez, Rodrigo"]
[Black "Kocak, Ediz"]
[Result "1/2-1/2"]
[WhiteElo "2077"]
[BlackElo "2044"]
[PlyCount "83"]
[EventDate "2018.10.14"]
[EventType "team-tourn"]
[EventRounds "9"]
[EventCountry "GER"]
[SourceTitle "EXT 2022"]
[Source "ChessBase"]
[SourceDate "2021.10.06"]
[SourceVersion "1"]
[SourceVersionDate "2021.10.06"]
[SourceQuality "1"]
[WhiteTeam "Erlangen SC III"]
[BlackTeam "Fuerth SG"]
[WhiteTeamCountry "GER"]
[BlackTeamCountry "GER"]

1. d4 Nf6 2. c4 g6 3. Nc3 Bg7 4. e4 d6 5. Nf3 0-0 6. Be2 e5 7. Be3 Ng4 8. Bg5 f6 9. Bh4 Qe8 10. h3 Nh6 11. 0-0 c6 12. d5 c5 13. Ne1 f5 14. Nd3 f4 15. f3 Bf6 16. Be1 Qe7 17. b4 b6 18. a4 Bh4 19. bxc5 bxc5 20. Bxh4 Qxh4 21. Qe1 Qg5 22. Kh2 a5 23. Nb5 Nf7 24. Rg1 Qh6 25. Bf1 Ng5 26. Qf2 Ra6 27. Rb1 Nd7 28. Nc7 Nf6 29. g4 fxg3+ 30. Qxg3 Nxf3+ 31. Qxf3 Ng4+ 32. Qxg4 Bxg4 33. Rxg4 Ra7 34. Ne6 Qd2+ 35. Rg2 Qe3 36. Re1 Qh6 37. Nxf8 Qxf8 38. Rf2 Rf7 39. Ree2 Qe8 40. Rxf7 Kxf7 41. Ra2 Qe7 42. Rb2 1/2-1/2

[Event "Forchheim op 17th"]
[Site "Forchheim"]
[Date "2018.09.23"]
[Round "4"]
[White "Kocak, Ediz"]
[Black "Ulusoy, Tolga"]
[Result "1-0"]
[WhiteElo "1794"]
[BlackElo "2069"]
[PlyCount "81"]
[EventDate "2018.09.21"]
[EventType "swiss"]
[EventRounds "5"]
[EventCountry "GER"]
[SourceTitle "EXT 2019"]
[Source "ChessBase"]
[SourceDate "2018.10.10"]
[SourceVersion "1"]
[SourceVersionDate "2018.10.10"]
[SourceQuality "1"]

1. d4 Nf6 2. c4 c5 3. d5 b5 4. cxb5 a6 5. bxa6 g6 6. Nc3 Bxa6 7. e4 Bxf1 8. Kxf1 Bg7 9. e5 Ng8 10. Qe2 Nh6 11. Nf3 0-0 12. g3 Nf5 13. Kg2 Na6 14. b3 d6 15. Bb2 dxe5 16. Nxe5 Nd4 17. Qe4 f5 18. Qf4 Nb4 19. Nc6 Nbxc6 20. dxc6 e5 21. Qc1 Qc7 22. f3 Qxc6 23. Rf1 e4 24. fxe4 fxe4 25. Qg5 e3+ 26. Qd5+ Qxd5+ 27. Nxd5 Ne2 28. Bxg7 Kxg7 29. Nc7 Rxf1 30. Kxf1 Rc8 31. Kxe2 Rxc7 32. Kxe3 Kf6 33. a4 Rb7 34. Ra3 Ke5 35. a5 Kd5 36. a6 Ra7 37. Kd3 Kc6 38. Kc4 Kb6 39. Ra2 Kc6 40. Rf2 Kd6 41. Rf6+ 1-0

[Event "Nuremberg Zabo op 20th"]
[Site "Nuremberg"]
[Date "2018.09.15"]
[Round "3"]
[White "Kocak, Ediz"]
[Black "Meulner, Klaus"]
[Result "0-1"]
[WhiteElo "1870"]
[BlackElo "2036"]
[PlyCount "44"]
[EventDate "2018.09.15"]
[EventType "swiss"]
[EventRounds "5"]
[EventCountry "GER"]
[SourceTitle "EXT 2020"]
[Source "ChessBase"]
[SourceDate "2019.10.17"]
[SourceVersion "1"]
[SourceVersionDate "2019.10.17"]
[SourceQuality "1"]

1. e4 c6 2. d4 d5 3. exd5 cxd5 4. c4 Nf6 5. Nf3 Nc6 6. Nc3 Bg4 7. Be3 e6 8. Qb3 Bxf3 9. gxf3 Qd7 10. cxd5 Nxd5 11. Nxd5 exd5 12. Rg1 Bb4+ 13. Kd1 0-0 14. Bb5 Be7 15. Rc1 Rac8 16. Qa4 Qf5 17. Bxc6 Qd3+ 18. Ke1 Rxc6 19. Rd1 Qf5 20. Qb5 Rc4 21. Qxb7 Bb4+ 22. Ke2 Qc2+ 0-1

[Event "Mittelfranken-chTB2a 1718"]
[Site "Mittelfranken"]
[Date "2018.04.08"]
[Round "7.5"]
[White "Mueller, Maximilian"]
[Black "Kocak, Ediz"]
[Result "1-0"]
[WhiteElo "1775"]
[BlackElo "1802"]
[PlyCount "51"]
[EventDate "2017.10.08"]
[EventType "team-tourn"]
[EventRounds "9"]
[EventCountry "GER"]
[SourceTitle "EXT 2022"]
[Source "ChessBase"]
[SourceDate "2021.10.06"]
[SourceVersion "1"]
[SourceVersionDate "2021.10.06"]
[SourceQuality "1"]
[WhiteTeam "Buechenbach/Roth II"]
[BlackTeam "Fuerth SG"]
[WhiteTeamCountry "GER"]
[BlackTeamCountry "GER"]

1. e4 c6 2. Nc3 d5 3. d4 dxe4 4. Nxe4 Nf6 5. Ng3 h5 6. h4 Bg4 7. Be2 e6 8. Bg5 Qa5+ 9. c3 Nbd7 10. Bxg4 Nxg4 11. Nxh5 Nxf2 12. Kxf2 f6 13. Qg4 0-0-0 14. b4 Qa3 15. Bd2 f5 16. Qe2 Rxh5 17. Qxh5 Nf6 18. Qe2 Ne4+ 19. Ke1 Bxb4 20. cxb4 Qg3+ 21. Kf1 Rxd4 22. Nf3 Qd6 23. Be1 Rd3 24. Rh3 a5 25. Ng5 Qf4+ 26. Kg1 1-0

[Event "Mittelfranken-ch HT 67th"]
[Site "Nuremberg"]
[Date "2018.03.29"]
[Round "6"]
[White "Kocak, Ediz"]
[Black "Bildt, Maximilian"]
[Result "0-1"]
[WhiteElo "1807"]
[BlackElo "2045"]
[PlyCount "72"]
[EventDate "2018.03.27"]
[EventType "swiss"]
[EventRounds "9"]
[EventCountry "GER"]
[SourceTitle "EXT 2020"]
[Source "ChessBase"]
[SourceDate "2019.10.17"]
[SourceVersion "1"]
[SourceVersionDate "2019.10.17"]
[SourceQuality "1"]

1. d4 Nf6 2. Bf4 c5 3. e3 d5 4. c3 Nc6 5. Nd2 Bf5 6. Qb3 Qb6 7. dxc5 Qxb3 8. axb3 Nh5 9. Bb5 Nxf4 10. exf4 e5 11. fxe5 Bxc5 12. Ngf3 0-0 13. Bxc6 bxc6 14. b4 Bb6 15. 0-0 Rab8 16. Nb3 Be4 17. Nfd4 Rfc8 18. Rfd1 h6 19. Rd2 Rc7 20. Nc5 Re8 21. f4 g5 22. Nxe4 dxe4 23. g3 gxf4 24. gxf4 f6 25. Re2 fxe5 26. Rxe4 Rce7 27. Rae1 exd4 28. Rxe7 Rxe7 29. Rxe7 dxc3+ 30. Kf1 c2 31. Re1 Be3 32. Ke2 c1Q 33. Rxc1 Bxc1 34. Kd3 Bxf4 35. Kc4 Bxh2 36. Kc5 Bg1+ 0-1

[Event "Mittelfranken-ch HT 67th"]
[Site "Nuremberg"]
[Date "2018.03.27"]
[Round "2"]
[White "Kocak, Ediz"]
[Black "Seibold, Hubert"]
[Result "1/2-1/2"]
[WhiteElo "1807"]
[BlackElo "2133"]
[PlyCount "148"]
[EventDate "2018.03.27"]
[EventType "swiss"]
[EventRounds "9"]
[EventCountry "GER"]
[SourceTitle "EXT 2020"]
[Source "ChessBase"]
[SourceDate "2019.10.17"]
[SourceVersion "1"]
[SourceVersionDate "2019.10.17"]
[SourceQuality "1"]

1. d4 d5 2. Bf4 Nf6 3. e3 e6 4. Nd2 Bd6 5. Bg3 c5 6. c3 Nc6 7. Ngf3 Nh5 8. Bxd6 Qxd6 9. Bb5 Bd7 10. 0-0 Nf6 11. Qa4 0-0 12. Qa3 b6 13. Rfd1 Rfc8 14. Nb3 Ne4 15. dxc5 bxc5 16. Nfd2 Nxd2 17. Rxd2 Ne5 18. Be2 Qb6 19. c4 dxc4 20. Na5 Bb5 21. Rc1 Rd8 22. Rcd1 Rxd2 23. Rxd2 g6 24. Qc3 Rd8 25. Rxd8+ Qxd8 26. h4 Qd5 27. a4 Bxa4 28. f4 Nd7 29. h5 gxh5 30. Bxc4 Qd1+ 31. Kh2 Nb6 32. b3 Bd7 33. Qf6 Qg4 34. Bd3 h4 35. Qh6 Qg3+ 36. Kh1 f5 37. Nc4 Qe1+ 38. Kh2 Qg3+ 39. Kh1 Nd5 40. Bxf5 Qe1+ 41. Kh2 Qg3+ 42. Kh1 exf5 43. Qd6 Qe1+ 44. Kh2 Nxe3 45. Nxe3 Qxe3 46. Qxd7 Qxf4+ 47. Kh1 Qe4 48. Qc8+ Kg7 49. Qxc5 Qb1+ 50. Kh2 Qxb3 51. Qxf5 Qg3+ 52. Kh1 Qe1+ 53. Kh2 a5 54. Qg5+ Kf7 55. Qf5+ Ke7 56. Qxh7+ Kd6 57. Qd3+ Kc5 58. Qc2+ Kd4 59. Qa4+ Kd3 60. Qb3+ Kd4 61. Qa4+ Qb4 62. Qd1+ Kc5 63. Qc2+ Kd5 64. Qf5+ Kc6 65. Qc8+ Kd5 66. Qf5+ Kd4 67. Qf4+ Kd3 68. Qf3+ Kc2 69. Qe2+ Kc1 70. Qe3+ Kb2 71. Qe2+ Kb3 72. Qd3+ Kb2 73. Qe2+ Ka3 74. Qd3+ Kb2 1/2-1/2

[Event "Mittelfranken-chTB2a 1718"]
[Site "Mittelfranken"]
[Date "2018.03.04"]
[Round "6.5"]
[White "Kocak, Ediz"]
[Black "Loy, Wolfgang"]
[Result "1-0"]
[WhiteElo "1802"]
[BlackElo "1727"]
[PlyCount "119"]
[EventDate "2017.10.08"]
[EventType "team-tourn"]
[EventRounds "9"]
[EventCountry "GER"]
[SourceTitle "EXT 2022"]
[Source "ChessBase"]
[SourceDate "2021.10.06"]
[SourceVersion "1"]
[SourceVersionDate "2021.10.06"]
[SourceQuality "1"]
[WhiteTeam "Fuerth SG"]
[BlackTeam "Treuchtlingen/Wet SG"]
[WhiteTeamCountry "GER"]
[BlackTeamCountry "GER"]

1. e4 e5 2. Qh5 Nc6 3. Bc4 Qe7 4. Nc3 Nf6 5. Qh4 d6 6. d3 Be6 7. Bg5 Nb4 8. 0-0-0 Bxc4 9. dxc4 Qe6 10. a3 Na6 11. Bxf6 gxf6 12. Nd5 Bg7 13. Qh5 0-0-0 14. Ne2 f5 15. Qxf5 Qxf5 16. Ne7+ Kd7 17. Nxf5 Bf6 18. b4 Bg5+ 19. Kb2 Kc8 20. h4 Bf6 21. g4 Rd7 22. h5 h6 23. Rh3 Nb8 24. Rhd3 b6 25. Nc3 Bg5 26. Ne2 Rh7 27. Kb3 Bf6 28. Rd5 Nc6 29. c5 Ne7 30. Nxe7+ Bxe7 31. c6 Rd8 32. b5 Bh4 33. f3 Rhh8 34. Rh1 Bg5 35. Ng3 Rde8 36. Nf5 Re6 37. a4 a5 38. bxa6 Kb8 39. c4 Ka7 40. Rh2 Rb8 41. Rb5 Ree8 42. Ra2 Rec8 43. a5 Bf4 44. Ne7 Re8 45. axb6+ Rxb6 46. Nd5 Rxb5+ 47. cxb5 Rc8 48. Nxf4 exf4 49. Rd2 Re8 50. Rd5 f6 51. Kc4 Kb6 52. Rf5 Re6 53. Kd5 Re8 54. Kc4 Re6 55. Rxf4 Re5 56. Rf5 d5+ 57. exd5 Re1 58. Rxf6 Rc1+ 59. Kd3 Kxb5 60. Rxh6 1-0

[Event "Landesliga U20 Nord 1718"]
[Site "Bayern"]
[Date "2018.01.27"]
[Round "5.1"]
[White "Kocak, Ediz"]
[Black "Sesselmann, Moritz"]
[Result "0-1"]
[WhiteElo "1802"]
[BlackElo "1710"]
[PlyCount "130"]
[EventDate "2017.11.18"]
[EventType "team-tourn"]
[EventRounds "7"]
[EventCountry "GER"]
[SourceTitle "EXT 2022"]
[Source "ChessBase"]
[SourceDate "2021.10.06"]
[SourceVersion "1"]
[SourceVersionDate "2021.10.06"]
[SourceQuality "1"]
[WhiteTeam "Fuerth SG U20"]
[BlackTeam "Kulmbach U20"]
[WhiteTeamCountry "GER"]
[BlackTeamCountry "GER"]

1. e4 c6 2. d4 d5 3. exd5 cxd5 4. c4 Nf6 5. Nc3 e6 6. Nf3 Be7 7. Bd3 dxc4 8. Bxc4 Nbd7 9. 0-0 Nb6 10. Bb3 0-0 11. Qe2 Nbd5 12. Rd1 b6 13. Ne5 Bb7 14. Bg5 Rc8 15. Rac1 h6 16. Bd2 a6 17. Qd3 b5 18. Qg3 Nh5 19. Qg4 Ndf6 20. Qh4 g5 21. Bxg5 hxg5 22. Qxg5+ Ng7 23. Rd3 Nd5 24. Qg4 f5 25. Qd1 Nf4 26. Rg3 Bh4 27. Qd2 Bxg3 28. hxg3 Nd5 29. Qh6 Qf6 30. Ng6 Rfd8 31. Re1 Nxc3 32. bxc3 Bd5 33. g4 Kf7 34. gxf5 Nxf5 35. Qh7+ Qg7 36. Ne5+ Ke7 37. Ng6+ Kd6 38. Qh2+ Kc6 39. Bxd5+ Rxd5 40. Rxe6+ Rd6 41. d5+ Kxd5 42. Nf4+ Kc6 43. Qh3 Rxe6 44. Nxe6 Qe5 45. Qxf5 Qxf5 46. Nd4+ Kb6 47. Nxf5 Rxc3 48. g4 Kc6 49. Kg2 Ra3 50. g5 Kd7 51. f4 Rxa2+ 52. Kf3 b4 53. Nd4 Ra3+ 54. Ke4 b3 55. Nf3 Ra2 56. Ne5+ Ke6 57. f5+ Ke7 58. Kd3 Rg2 59. f6+ Kf8 60. g6 b2 61. Nd7+ Ke8 62. f7+ Kxd7 63. f8Q b1Q+ 64. Kd4 Rg4+ 65. Ke5 Qe4+ 0-1